| 000 | 00846nam a2200253 n 4500 | ||
|---|---|---|---|
| 003 | OSt | ||
| 005 | 20240314123515.0 | ||
| 008 | 240314s1963 my e o000 0 may d | ||
| 020 | _qpaperback | ||
| 040 |
_aPPAK _beng _cPPAK _erda |
||
| 082 | 0 | 4 |
_223 _a899.2302 |
| 090 | 0 | 0 |
_a899.2302 _bBAH _dKWS |
| 100 | 0 |
_aBaharuddin Zainal, _eauthor. |
|
| 245 | 1 | 0 |
_aHIKAYAT BAKHTIAR : _bBunga Rampai Sastera Lama III / _cDi-usahakan oleh Baharudin bin Zainal |
| 264 | 1 |
_aKuala Lumpur : _bDEWAN BAHASA DAN PUSTAKA, _c1963 |
|
| 300 |
_axi, 140 pages ; _c20 cm |
||
| 336 |
_atext _2rdacontent |
||
| 337 |
_aunmediated _2rdamedia |
||
| 338 |
_avolume _2rdacarrier |
||
| 490 | 1 |
_aSiri Perpustakaan Sekolah DBP ; _vBil. 12 |
|
| 650 | 1 | 0 |
_aMalay literature _vMiscellanea |
| 830 | 0 |
_aSiri perpustakaan sekolah DBP ; _nbil. 12 |
|
| 942 |
_2ddc _cB |
||
| 999 |
_c195337 _d195337 |
||